The claim of reason : Wittgenstein, skepticism, morality and tragedy /

Bibliographic Details
Main Author: Cavell, Stanley, 1926-2018
Format: Book
Language:English
Published: Oxford : New York : Clarendon Press ; Oxford University Press, 1979.
Subjects:

MARC

Tag First Indicator Second Indicator Subfields
LEADER 00000cam a2200000 i 4500
001 in00000071043
005 20181201063259.0
008 800117s1979 enk b 00110 eng
010 |a  78026970  
020 |a 0195025717 :  |c $19.95 
035 |a (OCoLC)05668862 
035 |9 AAJ9363AM 
040 |a DLC  |c DLC  |d TXA  |d UtOrBLW 
049 |a TXAM  |c [980812] 
050 0 0 |a BD161  |b .C355 
082 0 |a 121 
100 1 |a Cavell, Stanley,  |d 1926-2018. 
245 1 4 |a The claim of reason :  |b Wittgenstein, skepticism, morality and tragedy /  |c Stanley Cavell. 
264 1 |a Oxford :  |b Clarendon Press ;  |a New York :  |b Oxford University Press,  |c 1979. 
300 |a xii, 511 pages ;  |c 24 cm. 
336 |a text  |b txt  |2 rdacontent 
337 |a unmediated  |b n  |2 rdamedia 
338 |a volume  |b nc  |2 rdacarrier 
500 |a Includes indexes. 
504 |a Bibliography: pages [497]-501. 
650 0 |a Knowledge, Theory of. 
650 0 |a Skepticism. 
650 0 |a Ethics. 
650 0 |a Philosophy. 
999 |a MARS 
999 f f |s cceedb8a-d7aa-38f9-ab4b-d3e0227f425a  |i 0e4f031a-6ca6-37c4-b8dd-d6c369c5b1ea  |t 0 
952 f f |p normal  |a Texas A&M University  |b College Station  |c Sterling C. Evans Library  |s Evans stk  |d Evans: Library Stacks  |t 0  |e BD161 .C355  |h Library of Congress classification  |i unmediated -- volume  |m A14806085584 
998 f f |a BD161 .C355  |t 0  |l Evans: Library Stacks